Geografía económica de Guatemala

Sparad:
Bibliografiska uppgifter
Huvudupphovsman: Guerra Borges, Alfredo
Materialtyp: Text
Publicerad: Guatemala: Universitaria
Taggar: Lägg till en tagg
Inga taggar, Lägg till första taggen!

MARC

LEADER 00000 a a2200000 04500
001 24692
003
040
090 |a 173200  
100 |a Guerra Borges, Alfredo  
245 |a Geografía económica de Guatemala  
260 |a Guatemala:   |b Universitaria  
300 |a 419 p.   |b **no definido**   |b map.  
999 |c 10215  |d 10215